La opinión sobre Juárez en la prensa europa /

Spremljeno u:
Bibliografski detalji
Glavni autor: Portail, Anne Marie (autor)
Daljnji autori: Zavala, Silvio (presentación) (presentación)
Format: Knjiga
Jezik:španjolski
Izdano: México : Secretaría de Relaciones Exteriores, Dirección General del Acervo Histórico Diplomático, 1994, c1994
Serija:(Cuadernos del Acervo Histórico Diplomático)
Teme:
Oznake: Dodaj oznaku
Bez oznaka, Budi prvi tko označuje ovaj zapis!

MARC

LEADER 00000nam^a2200000^a^4500
001 000157275
005 20250521000000.0
009 20260310100532.201
020 |a 968-810-388-8 
037 |a Acervo ITESO - Biblioteca 
041 |a ESP 
082 |a 972. 0511  |b POR 
100 |a Portail, Anne Marie  |e (autor) 
245 1 3 |a La opinión sobre Juárez en la prensa europa /  |c A.M. Portail ; presen. de S. Zavala ; tr. por Carolina Roldán de Cochín. 
264 4 |a México :  |b Secretaría de Relaciones Exteriores, Dirección General del Acervo Histórico Diplomático,  |c 1994, c1994 
300 |a 65 p. 
336 |a texto  |b txt  |2 rdacontenido 
337 |a sin mediación  |b n  |2 rdamedio 
338 |a volumen  |b nc  |2 rdasoporte 
440 1 |a (Cuadernos del Acervo Histórico Diplomático) 
649 |a XX 
650 |a Periodismo -  |y Francia -  |x Historia -  |y Segundo Imperio, 1852-1870 
650 |a Periodismo -  |z Francia -  |x Historia -  |y Siglo XIX 
650 |a Periodismo -  |z México -  |x Historia -  |y Intervención y Segundo Imperio, 1861-1867 
650 |a Periodismo -  |z México -  |x Historia -  |y Siglo XIX 
650 |a México -  |x Historia -  |y Intervención y Segundo Imperio, 1861-1867 
650 |a México -  |x Historia -  |y Siglo XIX 
650 |a Juárez, Benito 
700 |a Zavala, Silvio  |e (presentación) 
910 |a Fondo General 
920 |a Impresos - Libros 
930 |a Colección General 
905 |a 101 
901 |a 0500084068  |b IT1  |c ACC  |u 20250521 
902 |a https://opac.biblio.iteso.mx/vufind/Record/000157275